LEADER 01210nam 2200385 a 450 001 9910703322603321 005 20250511161358.0 035 $a(CKB)5410000000483404 035 $a(OCoLC)813136324 035 $a(EXLCZ)995410000000483404 100 $a20121016d2012 ua 0 101 0 $aeng 135 $aurcn||||||||| 181 $ctxt$2rdacontent 182 $cc$2rdamedia 183 $acr$2rdacarrier 200 00$aSage 205 $aUpdated April 2012. 210 1$a[Bethesda, Md.] :$cU.S. Dept. of Health and Human Services, National Institutes of Health, National Center for Complementary and Alternative Medicine. 215 $a1 online resource (2 unnumbered pages) $ccolor illustrations 225 1 $aHerbs at a glance 300 $aTitle from title screen (viewed on Oct. 16, 2012). 300 $a"Created December 2010." 300 $a"D457." 320 $aIncludes bibliographical references (page [2]). 517 $aSäge 606 $aSage 615 0$aSage. 712 02$aNational Center for Complementary and Alternative Medicine (U.S.) 801 0$bGPO 801 1$bGPO 906 $aBOOK 912 $a9910703322603321 996 $aSage$91532292 997 $aUNINA